| 000 | 00692nam a2200229 i 4500 | ||
|---|---|---|---|
| 001 | 133677 | ||
| 003 | ES-MaACL | ||
| 005 | 20250808022129.0 | ||
| 007 | t| | ||
| 008 | 070824s1960 sp ||||1| spa d | ||
| 080 | _a85-7"19" | ||
| 100 | 1 |
_aMalaparte, Curzio. _975687 |
|
| 245 | 1 | 0 |
_aPicotazos / _cCurzio Malaparte [seud.] ; [versión española de Jesús López Pacheco]. |
| 260 |
_aBarcelona : _bLuis de Caralt, _c[1960] |
||
| 300 |
_a343 p. ; _c24 cm. |
||
| 490 | 1 | _aLa vida vivida | |
| 700 | 1 |
_aLópez Pacheco, Jesús, _d1930-1997 _973855 |
|
| 830 | 1 | 3 |
_aLa vida vivida _9180877 |
| 852 |
_aES-MaACL _jC-19677 |
||
| 852 |
_aES-MaACL _jC-18697 |
||
| 999 |
_c133677 _d133677 |
||